La carta de Colón, anunciando la llegada a las Indias y a la provincia de Catayo (China) (descubrimiento de América) / (Record no. 45309)

MARC details
000 -LEADER
campo de control de longitud fija 00744nam a2200205 i 4500
001 - NÚMERO DE CONTROL
campo de control 45309
003 - IDENTIFICADOR DE NÚMERO DE CONTROL
campo de control ES-MaACL
005 - FECHA Y HORA DE LA ÚLTIMA TRANSACCIÓN
campo de control 20250829060225.0
007 - CAMPO FIJO DE DESCRIPCIÓN FÍSICA--INFORMACIÓN GENERAL
campo de control de longitud fija t|
008 - DATOS DE LONGITUD FIJA--INFORMACIÓN GENERAL
campo de control de longitud fija 030325q1972 sp ||||1| spa d
100 1# - ENTRADA PRINCIPAL--NOMBRE DE PERSONA
Nombre de persona Colón, Cristóbal.
9 (RLIN) 39869
245 13 - MENCIÓN DEL TÍTULO
Título La carta de Colón, anunciando la llegada a las Indias y a la provincia de Catayo (China) (descubrimiento de América) /
Mención de responsabilidad, etc. (publicada y comentada por Carlos Sanz).
260 ## - PUBLICACIÓN, DISTRIBUCIÓN, ETC.
Lugar de publicación, distribución, etc. [Madrid :
Nombre del editor, distribuidor, etc. s.n.,
Fecha de publicación, distribución, etc. 1972?]
300 ## - DESCRIPCIÓN FÍSICA
Extensión 7 p. ;
Dimensiones 18 cm.
630 03 - PUNTO DE ACCESO ADICIONAL DE MATERIA--TÍTULO UNIFORME
Título uniforme La carta sobre el descubrimiento.
9 (RLIN) 172734
651 #4 - PUNTO DE ACCESO ADICIONAL DE MATERIA--NOMBRE GEOGRÁFICO
Nombre geográfico América-
Subdivisión general Descubrimientos y exploraciones-
-- Españoles.
9 (RLIN) 138324
700 1# - ENTRADA AGREGADA--NOMBRE PERSONAL
Nombre de persona Sanz, Carlos,
Fechas asociadas al nombre 1903-1979
9 (RLIN) 103566
852 ## - LOCALIZACIÓN
Ubicación ES-MaACL
Número de control de estantería 2102-F-10
Holdings
Estatus retirado Estado de pérdida Estado de daño No para préstamo Colección Biblioteca de origen Biblioteca actual Ubicación en estantería Fecha de adquisición Fuente de adquisición Total de préstamos Signatura topográfica completa Código de barras Visto por última vez Precio de reemplazo Tipo de ítem Koha
        Colección de folletos Biblioteca del Ateneo de Madrid Biblioteca del Ateneo de Madrid Depósito folletos 17/01/2008     2102-F-10 1047675 23/02/2023 23/02/2023 Folleto